000 00383nam a2200169Ia 4500
100 _aMurach/Joel
650 _aSQL
942 _cBK
366 _f20
654 _aSQL
245 _aMurach's Oracle SQL and PL/SQL and PL/SQL:Training and reference
260 _bShroff Publishers
_c2008
082 _a5.133
_bMUR
300 _a627
546 _aENGLISH
_cComputers
999 _c35210
_d35210